| 000 | 01133nab a22002537a 4500 | ||
|---|---|---|---|
| 999 |
_c5480 _d5480 |
||
| 003 | OSt | ||
| 005 | 20251204092049.0 | ||
| 008 | 190604e xxu||||| |||| 00| 0 spa d | ||
| 040 | _cPJ | ||
| 100 |
_96478 _aVarela, Natalia del Pilar |
||
| 245 | 1 | 0 |
_aModificación al anexo del decreto reglamentario de la ley 26.682 respecto a aumento de cuotas de prepaga / _cNatalia del Pilar Varela. |
| 260 |
_aCiudad Autónoma de Buenos Aires : _bThomson Reuters La Ley, _c2025. |
||
| 300 | _ap. 29-31 | ||
| 500 | _aCita Online: TR LALEY AR/DOC/1791/2025. | ||
| 505 | _aSumario: I. Introducción.— II. La ley 27.785.— III. Conclusiones. | ||
| 505 | _t¿Te interesa el texto completo? Solicitalo al correo: koha@justierradelfuego.gov.ar | ||
| 650 | 0 |
_9200 _aDECRETOS DE NECESIDAD Y URGENCIA |
|
| 650 | 0 |
_91253 _aDERECHO A LA SALUD |
|
| 650 | 0 |
_93407 _aDERECHO A LA INFORMACIÓN |
|
| 650 | 0 |
_92597 _aDEFENSA DEL CONSUMIDOR |
|
| 650 | 0 |
_93273 _aMEDICINA PREPAGA |
|
| 773 | 0 |
_02714 _93171 _dCiudad Autónoma de Buenos Aires : Thomson Reuters La Ley, 2014- _tRevista anales de legislación argentina. Nº 8 - Agosto 2025. |
|
| 942 |
_2udc _cANA |
||